<?xml version="1.0" encoding="UTF-8"?>
<record
    xmlns:xsi="http://www.w3.org/2001/XMLSchema-instance"
    xsi:schemaLocation="http://www.loc.gov/MARC21/slim http://www.loc.gov/standards/marcxml/schema/MARC21slim.xsd"
    xmlns="http://www.loc.gov/MARC21/slim">

  <leader>03390nam a22003137a 4500</leader>
  <controlfield tag="003">DO-SdBNP</controlfield>
  <controlfield tag="005">20250313104908.0</controlfield>
  <controlfield tag="007">ta</controlfield>
  <controlfield tag="008">210714e2017    dr ac||er|||| 001 0 spa d</controlfield>
  <datafield tag="020" ind1=" " ind2=" ">
    <subfield code="a">9789945608069</subfield>
  </datafield>
  <datafield tag="040" ind1=" " ind2=" ">
    <subfield code="a">DO-SdBNP</subfield>
    <subfield code="b">spa</subfield>
    <subfield code="c">BNPHU</subfield>
  </datafield>
  <datafield tag="041" ind1=" " ind2=" ">
    <subfield code="h">spa</subfield>
  </datafield>
  <datafield tag="082" ind1=" " ind2="4">
    <subfield code="a">393.9097295</subfield>
    <subfield code="b">C719a, 2017</subfield>
    <subfield code="2">22</subfield>
  </datafield>
  <datafield tag="111" ind1="2" ind2=" ">
    <subfield code="a">Coloquio sobe la Muerte, el morir y los muertos en Puerto Rico. </subfield>
    <subfield code="n">(1 :</subfield>
    <subfield code="d">2016 :</subfield>
    <subfield code="c">San Juan,  Puerto Rico)</subfield>
    <subfield code="9">79226</subfield>
  </datafield>
  <datafield tag="245" ind1="1" ind2="0">
    <subfield code="a">Ante el espejo de la muerte :</subfield>
    <subfield code="b">1er coloquio sobre la Muerte, el morir y los muertos en Puerto Rico /</subfield>
    <subfield code="c">compiladora y editor,  Doris E. Lugo Ram&#xED;rez ; pr&#xF3;logo Beatriz M. Santiago Ibarra.</subfield>
  </datafield>
  <datafield tag="246" ind1="3" ind2=" ">
    <subfield code="a">Actas</subfield>
  </datafield>
  <datafield tag="260" ind1=" " ind2=" ">
    <subfield code="a">Santo Domingo :</subfield>
    <subfield code="b">Fundaci&#xF3;n Puertorrique&#xF1;a de las Humanidades,</subfield>
    <subfield code="c">2017.</subfield>
  </datafield>
  <datafield tag="300" ind1=" " ind2=" ">
    <subfield code="a">161 p. :</subfield>
    <subfield code="b">il., retr. ;</subfield>
    <subfield code="c">22 cm.</subfield>
  </datafield>
  <datafield tag="505" ind1="0" ind2="0">
    <subfield code="t">Mensaje fundaci&#xF3;n puertorrique&#xF1;a de las humanidades. /</subfield>
    <subfield code="r">C&#xE9;sar A.Rey Hern&#xE1;ndez.--</subfield>
    <subfield code="t">Pr&#xF3;logo. /</subfield>
    <subfield code="r">Beatriz M. Santiago Ibarra.--</subfield>
    <subfield code="t">Descripci&#xF3;n y justificaci&#xF3;n. /</subfield>
    <subfield code="r">Doris E. Lugo Ram&#xED;rez.--</subfield>
    <subfield code="t">Conferencia inaugural /</subfield>
    <subfield code="r">Doris E. Lugo Ram&#xED;rez.--</subfield>
    <subfield code="t">Arte contempor&#xE1;neo /</subfield>
    <subfield code="r">Etiyaset Rodr&#xED;guez Santos, Noelia Medina Fern&#xE1;ndez, Cynthia Morales G&#xF3;mez y Jotham Malav&#xE9; Maldonado.--</subfield>
    <subfield code="t">antropolog&#xED;a /</subfield>
    <subfield code="r">Jaime Mois&#xE9;s P&#xE9;rez Riva.--</subfield>
    <subfield code="t">Cine /</subfield>
    <subfield code="r">Sonia Fritz y Aurora Lauzardo.--</subfield>
    <subfield code="t">Tanatolog&#xED;a /</subfield>
    <subfield code="r">Shirley M. Silva Cabrera --</subfield>
    <subfield code="t">Historia y antropolog&#xED;a /</subfield>
    <subfield code="r">Ignacio Olazagasti Col&#xF3;n.--</subfield>
    <subfield code="t">Historia /</subfield>
    <subfield code="r">Luis L&#xF3;pez Roja.--</subfield>
    <subfield code="t">Literatura /</subfield>
    <subfield code="r">&#xC1;ngel Antonio Ruiz Laboy.--</subfield>
    <subfield code="t">Literatura y m&#xFA;sica. /</subfield>
    <subfield code="r">Alinaluz Santiago Torres--</subfield>
    <subfield code="t">Ep&#xED;logo /</subfield>
    <subfield code="r">Doris E. Lugo Ram&#xED;rez.--</subfield>
    <subfield code="t">Perfile.--</subfield>
    <subfield code="t">Cr&#xF3;nica fotogr&#xE1;fica del evento.--</subfield>
    <subfield code="t">Agradecimientos.</subfield>
  </datafield>
  <datafield tag="505" ind1="0" ind2="0">
    <subfield code="t"> Mensaje Fundaci&#xF3;n Puertorrique&#xF1;a de las Humanidades / C&#xE9;sar A. Rey Hern&#xE1;ndez -- Pr&#xF3;logo / Beatriz M. Santiago Ibarra -- Descripci&#xF3;n y justificaci&#xF3;n / Doris E. Lugo Ram&#xED;rez -- Ante el espejo de la muerte: la muerte, el morir y los muertos / Doris E. Lugo Ram&#xED;rez -- Dimissus: la muerte, el morir y los muertos en la obra de arte / Enityaset Rodr&#xED;guez Santos, Noelia Medina Fern&#xE1;ndez, Cynthia Morales G&#xF3;mez y Jotham Malav&#xE9; Maldonado -- Actitudes y pr&#xE1;cticas ante la muerte en Puerto Rico: reflexiones desde la antropolog&#xED;a y la historia / Jamie Mois&#xE9;s P&#xE9;rez Rivera -- Hay golpes en la vida...: una mirada human&#xED;stica a la ciencia y su manejo de la muerte / Sonia Fritz y Aurora Lauzardo -- El lenguaje de la trascendencia y los sue&#xF1;os de muerte / Shirley M. Silva Cabrera -- Iconograf&#xED;a cat&#xF3;lica y mas&#xF3;nica / Ignacio Olazagasti Col&#xF3;n -- Visiones hist&#xF3;ricas de la muerte en Puerto Rico desde la colonizaci&#xF3;n espa&#xF1;ola hasta la invasi&#xF3;n norteamericana / Luis L&#xF3;pez Rojas -- Poes&#xED;a y muerte en la literatura puertorrique&#xF1;a: muerte continuidad y descontinuidad en El reino de la espiga de V&#xED;ctor Fragoso / &#xC1;ngel Antonio Ruiz Laboy -- La muerte es un bolero / Alinaluz Santiago Torres -- Ep&#xED;logo / Doris E. Lugo Ram&#xED;rez -- Perfiles -- Cr&#xF3;nica fotogr&#xE1;fica del evento.
</subfield>
  </datafield>
  <datafield tag="590" ind1=" " ind2=" ">
    <subfield code="a">Inventariado 2021 / MF</subfield>
  </datafield>
  <datafield tag="650" ind1=" " ind2="4">
    <subfield code="9">1370</subfield>
    <subfield code="a">Ritos y  ceremonias f&#xFA;nebres.</subfield>
    <subfield code="v">Congresos, conferencias, etc.</subfield>
  </datafield>
  <datafield tag="650" ind1=" " ind2="4">
    <subfield code="9">18928</subfield>
    <subfield code="a">Costumbres funerarias </subfield>
    <subfield code="v">Congresos, conferencias, etc.</subfield>
  </datafield>
  <datafield tag="700" ind1="1" ind2=" ">
    <subfield code="a">Santiago Ibarra, Beatriz M.,  </subfield>
    <subfield code="e">pr&#xF3;l.</subfield>
    <subfield code="9">79227</subfield>
  </datafield>
  <datafield tag="700" ind1="1" ind2=" ">
    <subfield code="a"> Lugo Ram&#xED;rez, Doris E. </subfield>
    <subfield code="d">1965-</subfield>
    <subfield code="e">comp.</subfield>
    <subfield code="9">86902</subfield>
  </datafield>
  <datafield tag="700" ind1="1" ind2=" ">
    <subfield code="a"> Lugo Ram&#xED;rez, Doris E. </subfield>
    <subfield code="d">1965-</subfield>
    <subfield code="e">ed.</subfield>
    <subfield code="9">86902</subfield>
  </datafield>
  <datafield tag="910" ind1=" " ind2=" ">
    <subfield code="a">MFeliz/Validado. Control de calidad MFF</subfield>
  </datafield>
  <datafield tag="942" ind1=" " ind2=" ">
    <subfield code="2">ddc</subfield>
    <subfield code="c">LBS1</subfield>
  </datafield>
  <datafield tag="952" ind1=" " ind2=" ">
    <subfield code="0">0</subfield>
    <subfield code="1">0</subfield>
    <subfield code="2">ddc</subfield>
    <subfield code="5">6</subfield>
    <subfield code="7">0</subfield>
    <subfield code="8">GR</subfield>
    <subfield code="a">BNPHU</subfield>
    <subfield code="b">BNPHU</subfield>
    <subfield code="c">HD</subfield>
    <subfield code="d">2018-06-29</subfield>
    <subfield code="e">Dep&#xF3;sito Legal </subfield>
    <subfield code="l">0</subfield>
    <subfield code="o">BNPHU GR 393.9097295 C719a 2017</subfield>
    <subfield code="p">2021-25120</subfield>
    <subfield code="r">2021-07-14</subfield>
    <subfield code="w">2021-07-14</subfield>
    <subfield code="y">LBS1</subfield>
  </datafield>
  <datafield tag="952" ind1=" " ind2=" ">
    <subfield code="0">0</subfield>
    <subfield code="1">0</subfield>
    <subfield code="2">ddc</subfield>
    <subfield code="5">6</subfield>
    <subfield code="7">0</subfield>
    <subfield code="8">GR</subfield>
    <subfield code="a">BNPHU</subfield>
    <subfield code="b">BNPHU</subfield>
    <subfield code="c">HD</subfield>
    <subfield code="d">2018-06-29</subfield>
    <subfield code="e">Dep&#xF3;sito Legal </subfield>
    <subfield code="l">0</subfield>
    <subfield code="o">BNPHU GR 393.9097295  C719a  2017</subfield>
    <subfield code="p">2021-25121</subfield>
    <subfield code="r">2021-07-14</subfield>
    <subfield code="t">e.2</subfield>
    <subfield code="w">2021-07-14</subfield>
    <subfield code="y">LBS1</subfield>
  </datafield>
  <datafield tag="952" ind1=" " ind2=" ">
    <subfield code="0">0</subfield>
    <subfield code="1">0</subfield>
    <subfield code="2">ddc</subfield>
    <subfield code="5">6</subfield>
    <subfield code="7">0</subfield>
    <subfield code="8">GR</subfield>
    <subfield code="a">BNPHU</subfield>
    <subfield code="b">BNPHU</subfield>
    <subfield code="c">HD</subfield>
    <subfield code="d">2018-06-29</subfield>
    <subfield code="e">Dep&#xF3;sito Legal </subfield>
    <subfield code="l">0</subfield>
    <subfield code="o">BNPHU GR 393.9097295  C719a 2017</subfield>
    <subfield code="p">2021-25122</subfield>
    <subfield code="r">2021-07-14</subfield>
    <subfield code="t">e.3</subfield>
    <subfield code="w">2021-07-14</subfield>
    <subfield code="y">LBS1</subfield>
  </datafield>
  <datafield tag="999" ind1=" " ind2=" ">
    <subfield code="c">50105</subfield>
    <subfield code="d">50105</subfield>
  </datafield>
</record>
